I am Joseph /

Retells the Biblical story of Joseph, from his viewpoint, relating how he was sold into slavery and became the Egyptian Pharaoh's adviser.

Bibliographic Details
Main Author: Cohen, Barbara
Other Authors: Mikolaycak, Charles
Format: Book
Language:English
Published: New York : Lothrop, Lee, & Shepard Books, [1980]
Edition:1st ed.
Subjects:

MARC

Tag First Indicator Second Indicator Subfields
LEADER 00000pam a2200000 a 4500
001 in00000085470
005 20151008061509.0
008 790813s1980 nyua j b 00010bengm
010 |a  79020001  
020 |a 068841933X 
020 |a 0688519334 (lib. bdg.) 
035 |a (OCoLC)05333633 
035 |9 AAJ8191AM 
040 |a DLC  |c DLC  |d m.c.  |d TXA  |d UtOrBLW 
049 |a [Curr Col] TXAM  |c [1362336] 
050 0 0 |a BS580.J6  |b C64 
082 0 |a 222/.11/0924  |a B 
100 1 |a Cohen, Barbara. 
245 1 0 |a I am Joseph /  |c Barbara Cohen ; illustrated by Charles Mikolaycak. 
250 |a 1st ed. 
264 1 |a New York :  |b Lothrop, Lee, & Shepard Books,  |c [1980] 
264 4 |c ©1980 
300 |a 48 unnumbered pages :  |b color illustrations ;  |c 26 cm. 
336 |a text  |b txt  |2 rdacontent 
337 |a unmediated  |b n  |2 rdamedia 
338 |a volume  |b nc  |2 rdacarrier 
520 |a Retells the Biblical story of Joseph, from his viewpoint, relating how he was sold into slavery and became the Egyptian Pharaoh's adviser. 
600 0 0 |a Joseph  |c (Son of Jacob)  |x Juvenile literature. 
600 0 1 |a Joseph  |c (Son of Jacob) 
630 0 0 |a Bible.  |p Old Testament  |v Biography  |x Juvenile literature. 
650 0 |a Patriarchs (Bible)  |v Biography  |v Juvenile literature. 
650 1 |a Bible stories  |x O.T. 
700 1 |a Mikolaycak, Charles. 
999 |a MARS 
999 f f |s 51b92806-afb4-39a0-a7bd-3fdd21e92ab0  |i d163e4e0-8dc5-3d9d-b334-a718abdf97b9  |t 0 
952 f f |p ric  |a Texas A&M University  |b Rellis Campus  |c Joint Library Facility  |d Remote Storage  |t 0  |e BS580.J6 C64  |h Library of Congress classification  |i unmediated -- volume  |m A14806054054 
998 f f |a BS580.J6 C64  |t 0  |l Remote Storage